| 000 | 00333nam a2200133Ia 4500 | ||
|---|---|---|---|
| 005 | 20260328104308.0 | ||
| 008 | 260328s9999||||xx |||||||||||||| ||und|| | ||
| 100 | _aVillar, Alberto | ||
| 245 | 0 |
_aEl Arte , el Siglo XX / _cAlberto Villar |
|
| 260 | _bBrosmac | ||
| 300 | _a131 p. | ||
| 650 | _aARQUITECTURA ESPAÑOLA | ||
| 942 | _cBK | ||
| 999 |
_c10826 _d10826 |
||